[Event "Dyfed Open"]
[Site "?"]
[Date "2018.02.16"]
[Round "1"]
[White "Turner, Matthew J"]
[Black "Buttell, David"]
[Result "1-0"]
[WhiteElo "2536"]
[BlackElo "1782"]
[Annotator "Rudy"]
[PlyCount "39"]
[EventDate "2018.??.??"]

1. Nf3 Nf6 2. c4 e6 3. g3 b6 4. Bg2 Bb7 5. O-O Be7 6. d4 O-O 7. d5 {a well
known sacrifice, to get K side chances. However Matthew does'nt usually play
to get this position. The last known from the databases is} (7. Nc3 Ne4 8. Nxe4
Bxe4 9. Nh4 Bxg2 10. Nxg2 {draw agreed, Turner-Crouch, S Wales Masters,
Monmouth 2000, 1/2-1/2}) (7. Re1) 7... exd5 8. Nh4 (8. Nd4 {played less often}
c6 (8... Bc6 9. Nxc6 dxc6 10. Nc3 {O'Kelly de Galway-Euwe, Beverwijk 1958,1-0})
) 8... Re8 (8... c6 9. cxd5 Nxd5 10. Nf5 Nc7 11. e4 {main line , 60% for Wh} (
11. Nc3 {58%})) (8... Ne4 9. cxd5 Bxh4 10. Bxe4 Bf6 11. Qc2 g6 12. Nc3 {has
also given Wh good results, 62%}) 9. cxd5 {78% for Wh, the Bl QB is misplaced
& Wh gets K side chances} g6 (9... d6 10. Nc3 Nbd7 {main , though 95% for wh
over 10 games}) (9... c6 {Komodo11} 10. Nf5 (10. d6 Bf8 11. Nc3 Nd5 12. Ne4 h6
13. Nf5 Re6 14. Qc2 Nf6 15. b4 Na6 16. a3 Nxe4 17. Bxe4 Bxd6 18. Nxd6 Rxd6 19.
Bh7+ Kh8 20. Bf5 Qe7 21. e4 Re8 22. Bf4 Rf6 23. e5 Rxf5 24. Qxf5 Nc7 $14 {
Komodo11, seems a bit convoluted}) 10... Bf8 11. Nc3 Na6 12. Bg5 $16 {
Shankland-Bachmann, Berkeley op 2011,1-0} (12. e4 cxd5 13. exd5 Re5 14. Ne3 Rc8
15. Qd4 Qe8 16. Nc4 $14 {Yordanov-Nestorovic, Paracin Summer op 2017,0-1})) 10.
d6 $18 Bxg2 11. dxe7 Qxe7 12. Nxg2 Qxe2 (12... Nc6 13. Nc3 Rad8 14. Bg5 h6 15.
Nd5 {Rodas Martini-Barreno Anleu, GAU ch, Maestros 1982,1-0}) 13. Qxe2 Rxe2 14.
Nc3 (14. Ne3 Ne4 15. Kg2 Nc6 16. Kf3 Nd4+ 17. Kxe4 c5 18. Nc3 d5+ 19. Kd3 {
Ryan-Poenisch, EU ch ICCF 1988,1-0}) 14... Re8 15. Bg5 Ne4 16. Rae1 Nd6 17. Nd5
Rxe1 18. Rxe1 Nc6 19. Nxc7 (19. Nf6+ Kg7 20. Nxd7) 19... Rc8 20. Nd5 1-0

[Event "Dyfed Open"]
[Site "?"]
[Date "2018.02.16"]
[Round "1"]
[White "Fowler, Hugo"]
[Black "Williams, A. Howard"]
[Result "1-0"]
[WhiteElo "1786"]
[BlackElo "2274"]
[Annotator "Rudy"]
[PlyCount "31"]
[EventDate "2018.??.??"]

1. e4 Nf6 2. e5 Nd5 3. d4 d6 4. c4 Nb6 5. f4 {For years the main line , until
quieter methods became more popular} dxe5 6. fxe5 Nc6 7. Be3 Bf5 8. Nf3 (8. Nc3
e6 9. Nf3 Be7 10. d5 {Considered by Howard the crucial line, which he has met
several times} exd5 11. cxd5 Nb4 12. Nd4 Bd7 13. Qf3 {Heaven-Williams, WCPL
2015,0-1} (13. e6 {is another razorsharp line ( Howard)})) 8... e6 9. Be2 Be7
10. O-O O-O 11. Nc3 f6 12. a3 {not a move that Howard has met before} (12. exf6
{main}) (12. Qe1) (12. Nh4 {Shephard-Williams, Islington Open 1972,0-1}) 12...
fxe5 13. d5 {least common reply here} (13. Nxe5) (13. dxe5) 13... e4 14. Nd2
exd5 (14... Ne5 15. Bxb6 axb6 16. Ndxe4 Bxe4 17. Nxe4 Rxf1+ 18. Bxf1 exd5 19.
cxd5 Bd6 $11 {Vasilenko-Akinshin, RUS cup corr RCCA 1998,1/2-1/2}) 15. cxd5
Nxd5 $2 (15... Ne5 {looked at in pm analysis} 16. Bd4 (16. Bxb6 axb6 17. Ndxe4
Qd7 18. Qd4 Ng6 19. Rad1 (19. Bb5 $16) 19... Bxe4 20. Nxe4 Bd6 21. Bg4 $14 {
Kovalenko-Upolovnev, RSOCF cup, Saratov 2010,0-1}) (16. Qb3 Kh8 17. Rad1 $11 {
Komodo11}) 16... Bd6 17. Ndxe4 Bxe4 18. Nxe4 Nxd5 $2 (18... Kh8 19. Bc3 Rxf1+
20. Bxf1 $14 {Komodo11}) 19. Qb3 (19. Rxf8+ Kxf8 20. Qb3 $18 {Komodo11}) 19...
c6 20. Nxd6 Qxd6 21. Qxb7 Rfc8 22. Qa6 Kh8 (22... Nb4 $15) 23. Qa5 $1 $11 {
Moreno Fernandez-Casamitjana, La Pobla de Lillet op 2003,1-0}) (15... Bd6 16.
Ndxe4 Bxe4 17. Nxe4 Ne7 (17... Rxf1+ 18. Qxf1 Qe7 $11) 18. Rxf8+ Kxf8 (18...
Qxf8) 19. Ng5 $18 {Von Hunoltstein-Bullockus, ICCF corr 1981,1-0}) 16. Nxd5 1-0

[Event "Dyfed Open"]
[Site "?"]
[Date "2018.02.16"]
[Round "1"]
[White "Jones, Iolo C"]
[Black "Jones, Martin C"]
[Result "1-0"]
[WhiteElo "2206"]
[BlackElo "1769"]
[Annotator "Rudy"]
[PlyCount "85"]
[EventDate "2018.??.??"]

1. d4 Nf6 2. Nf3 g6 3. c4 Bg7 4. Nc3 O-O 5. g3 d6 6. Bg2 Nbd7 7. O-O c5 (7...
e5 {main}) 8. d5 Nb6 {looks strange, but is the 2nd most frequent move in this
position ( initial first choice of Komodo11). It blocks the b pawn, but does
allow Bl to move the e pawn.} (8... a6 {main,when} 9. a4 Nb6 10. Nd2 Rb8 {has
been played}) (8... Ng4) 9. Qd3 (9. Nd2 {main}) 9... e5 (9... Bd7) 10. e4 Nh5 (
10... Ne8 {Main, Rudy}) 11. a4 Nd7 $146 (11... a6 12. a5 Nd7 13. Bd2 b6 14.
axb6 Nxb6 15. Ne2 f5 16. Ne1 f4 {Denizot-Couronne, Montigny le Bretonneux Noel
op 2011,0-1}) (11... Bd7 12. a5 Nc8 13. Bg5 f6 14. Bd2 Ne7 15. Nh4 f5 16. exf5
gxf5 17. Bg5 Nf6 18. Bh3 {Fistek-Gawiec, POL ch tm,Podkarpackie Pstragowa 2014,
1-0}) 12. Qe2 a6 (12... Nb8 13. a5 Na6 14. Ne1 $14 {Komodo11}) 13. Bg5 f6 (
13... Nhf6) 14. Bd2 Rf7 (14... Bh8 15. a5 Ng7 16. Bh6 Rf7 17. h4 $16 {Komodo11}
) 15. a5 Rb8 16. Na4 Qf8 17. Ne1 (17. b4 cxb4 18. Bxb4 Bh6 19. Rfb1 $16 {
Komodo11}) 17... Bh6 18. Bh3 (18. b4 $16) 18... Bxd2 19. Qxd2 Nb6 (19... f5 20.
b4 cxb4 21. Qxb4 Ndf6 22. exf5 Bxf5 (22... gxf5 23. Nb6 Ne4 24. Rd1 $14) 23.
Bg2 Qe7 $14 {Komodo11}) (19... b5 $1 20. axb6 Nxb6 21. Bxc8 Qxc8 22. Nxb6 Rxb6
23. f3 f5 $11 {Komodo11}) 20. Be6 $1 Nxa4 (20... Nxc4 21. Bxf7+ Qxf7 22. Qc3 b5
23. axb6 Nxb6 24. Nxb6 Rxb6 25. Nc2 $16 {Komodo11}) 21. Bxf7+ Qxf7 22. Rxa4 $16
Bh3 23. Ng2 f5 {despite having lost the exchange, Bl does have some K side
possibilities, Rs are bad defenders & need open lines to attack.} 24. f3 (24.
exf5 Qxf5 25. f3 Ng7 26. f4 $18 {Komodo11- in pursuit of those open lines})
24... Rf8 (24... f4 {Rudy & Komodo11} 25. Qf2 (25. g4 Nf6 {just helps Bl open
up the K side with a welltimed h5}) 25... fxg3 (25... Nf6 26. b4 Nd7 27. b5 Rf8
28. Ra3 fxg3 29. hxg3 Nf6 30. bxa6 bxa6 31. Rb3 {& the Rs have the b file with
targets at a6 & d6}) 26. hxg3 Rf8) 25. Raa1 (25. exf5 Qxf5 26. Ra3 $18 {
Komodo11} (26. g4 Qd7 27. Ra3 Nf4 28. Nxf4 Bxf1 29. Ne6 Bxc4 30. Nxf8 Kxf8 31.
Rc3 Bb5 32. Kg2 $16)) 25... Qg7 (25... f4 {Rudy in pm analysis} 26. g4 Nf6 27.
b4 Qc7 28. Rab1 Qc8 29. Kh1 $16 {Komodo11}) 26. Rfe1 Nf6 (26... f4 27. g4 Nf6
28. b4 Nxg4 29. bxc5 (29. fxg4 f3 $11) 29... dxc5 30. Rab1 Bxg2 31. Kxg2 Ne3+
32. Rxe3 (32. Kh1 Nxc4 33. Qf2 Qd7 34. Rec1 Nxa5 35. Qa2 Qh3 36. Rf1 b6 37. d6+
c4 38. Qd2 Rf7 39. Qd5 b5 40. Qxe5 $16) 32... fxe3 33. Qxe3 Qe7 34. Rb6 Rd8 35.
Re6 Qc7 36. Qc3 $18 {Komodo11}) 27. Qg5 (27. exf5 gxf5 28. Kh1 Kh8 29. Nh4 $18
{Komodo11}) 27... fxe4 28. fxe4 Bg4 (28... h6 29. Qd2 Nh7 30. Rf1 Rxf1+ 31.
Rxf1 Ng5 32. Qe3 Qc7 33. Qf2 Qd8 34. Ra1 Bg4 (34... Nxe4 35. Qc2 $18) 35. Qe3
Nh3+ 36. Kf1 Ng5 37. Nh4 $16 {Komodo11}) 29. Qe3 Bh3 30. Rf1 g5 31. Rf2 (31. b4
$18) 31... Qg6 32. Re1 Kg7 33. Qd3 Rb8 {Bl is trying to avoid a R swap, but
the R is bettewr somewhere on the K side , rather than initiating play on the
Q side where Wh is preferably placed} (33... Kh8 34. Ne3) (33... Rd8 34. Qb3
Rd7 35. Qc2 h5 36. Qd3 Rf7 37. Ref1 Kf8 38. Qe3 Kg7 {and Komodo11, while
making claims of a definite Wh advantage, just carries on making Q moves for
Wh & K moves for Bl, before eventually stumbling upon} 39. g4 $1 {taking away
a key square from the Bl pieces} hxg4 40. b4 $1 {opening up on the Q side for
the Rs} cxb4 41. c5 dxc5 42. d6 g3 43. Qxg3 Bxg2 44. Qxg2 Rf8 45. Qg3 Qxe4 46.
Qxg5+ Qg6 47. h4 $18 {Komodo11}) 34. Rfe2 b5 {Since Wh is doing nothing very
much with his Rs, Bl should do likewise with his.} (34... Rf8 $16) 35. axb6
Rxb6 36. Qa3 $18 Qe8 37. Ne3 Qb8 (37... Nxe4 38. g4 $18) 38. g4 (38. Nf5+ Bxf5
39. exf5 $18 {Komodo11}) 38... Kg6 39. Rf2 Rb3 (39... h5 {the B needs to be
rescued} 40. Nf5 Rb3 41. Ne7+ Kf7 42. Nc6 Qb6 43. Qa5 $18) 40. Qxa6 (40. Qa4 $1
Qb4 41. Qxb4 Rxb4 42. Rf3 Bxg4 43. Rxf6+ Kxf6 44. Nxg4+ Ke7 45. Ne3 $18 {
Komodo11}) 40... Nxe4 {falling into a trap laid by Wh, but Komodo11 pulls a
rabbit out of the hat} 41. Rf3 (41. Nd1 Rd3 42. Qa4 Bxg4 $11 {Komodo11}) 41...
Bxg4 (41... Rxe3 $1 42. Rfxe3 {other moves lose} Qxb2 43. R3e2 (43. R1e2 Qc1+
44. Re1 Qd2 $11) 43... Qd4+ 44. Re3 Qd2 45. R3e2 Qd4+ $11) 42. Nxg4 Rxf3 43.
Nxe5+ {as foreseen by Wh} 1-0

[Event "Dyfed Open"]
[Site "?"]
[Date "2018.02.16"]
[Round "1"]
[White "Jukes, Sam"]
[Black "Zeidler, Sven P."]
[Result "1/2-1/2"]
[WhiteElo "1762"]
[BlackElo "2165"]
[Annotator "Rudy"]
[PlyCount "79"]
[EventDate "2018.??.??"]

1. e4 d5 2. exd5 Qxd5 3. Nc3 Qd8 (3... Qd6 {has been a Sven speciality in the
past}) 4. d4 Nf6 5. Nf3 Bg4 6. Be2 (6. h3 {main}) 6... e6 7. O-O Be7 8. Be3 (8.
h3) 8... O-O 9. Ne5 Bxe2 10. Qxe2 Nbd7 11. Rfd1 {Komodo11} (11. Rad1 {played})
11... c6 {the position is similar to those reached via a Caro-Kann; Bl has a
very solid position, but it looks like few attacking prospects in the middle
game. The aim is to reach an endgame & then outplay the opponent.} 12. a3 Rc8
13. Qf3 Nb6 14. Ne2 (14. Rac1) 14... Qd5 15. b3 Nbd7 16. c4 Qxf3 17. Nxf3 Rfd8
$11 18. Nc3 Ng4 19. Bf4 Nf8 20. b4 Ng6 21. Bg3 $11 (21. Bg5 Bxg5 22. Nxg5 $11)
21... Rd7 22. h3 Nh6 23. Ne5 Nxe5 24. dxe5 Rcd8 25. f4 (25. f3 {doesn't put a
pawn on a possible weak square} Nf5 26. Rxd7 Rxd7 27. Bf2 Rd3 28. Ne4 Nd4 29.
Bxd4 Rxd4 30. Kf2 $11 Rxc4 31. Rd1 a5 32. Rd7 Bf8 33. bxa5 Ra4 34. Ng5 Rxa5 35.
Nxf7 Bxa3 36. Rxb7 $11 {Komodo11}) 25... Rd4 (25... Rd3 26. Rxd3 Rxd3 27. Be1
Nf5 28. Rd1 Rxd1 29. Nxd1 Nd4 30. Bd2 $11 {Komodo11}) 26. Bf2 $1 Rxd1+ {if Bl
grabs pawns, Wh gains the d file & gets them back} 27. Rxd1 Rxd1+ 28. Nxd1 $14
a5 29. c5 {a lot of Wh's pawns are on the same colour as his B, impeding it} (
29. bxa5 Bxa3 30. Bb6 Nf5 31. g4 Nh4 32. Kf2 f6 33. Bc7 fxe5 34. Bxe5 $14 {
Komodo11}) 29... axb4 30. axb4 g5 (30... Bd8 31. Nb2 Nf5 32. Nc4 Bc7 33. Nd6
Ne7 34. Nxb7 Nd5 35. g3 Nxb4 36. Kg2 $14 {Komodo11}) 31. fxg5 (31. g3 gxf4 32.
gxf4 Nf5 $11) 31... Bxg5 32. Be3 Bxe3+ 33. Nxe3 Nf5 34. Nxf5 (34. Nc4 Ne7 35.
Kf2 Nd5 36. Nd6 $11 {Komodo11}) 34... exf5 35. Kf2 f6 36. exf6 (36. e6 Kf8 37.
Ke3 Ke7 38. Kf4 Kxe6 39. h4 Kd5 40. h5 Kc4 41. Kxf5 Kxb4 42. g4 Kxc5 43. Kxf6
b5 44. g5 b4 45. g6 hxg6 46. hxg6 b3 47. g7 b2 48. g8=Q b1=Q {is also a drawn
endgame, but why risk things for Wh?}) 36... Kf7 37. Kf3 Kxf6 38. Kf4 h6 39. h4
Ke6 40. g4 {(draw?)} 1/2-1/2

[Event "Dyfed Open"]
[Site "?"]
[Date "2018.02.16"]
[Round "1"]
[White "James, David J"]
[Black "Owen, Neil"]
[Result "1-0"]
[WhiteElo "2119"]
[BlackElo "1760"]
[Annotator "Rudy"]
[PlyCount "67"]
[EventDate "2018.??.??"]

1. d4 f5 2. g3 Nf6 3. Bg2 e6 4. Nd2 (4. Nf3) 4... Be7 (4... d5 {heads for a
Stonewall setup}) 5. e4 fxe4 (5... d5 6. exf5 exf5 7. Nh3 O-O 8. O-O c6 {
Piankov-Betkowski, Sudety op, Szklarska Poreba 2012,1-0}) 6. Nxe4 O-O 7. Nh3 (
7. Ne2 {main}) 7... Qe8 $146 (7... d6 {main}) 8. O-O (8. Nxf6+ Bxf6 9. O-O Nc6
10. c3 d6 11. Nf4 $16 {Komodo11}) 8... Nxe4 9. Bxe4 d5 10. Bg2 c5 11. dxc5 Nc6
(11... Bxc5 12. Nf4 $14) 12. Be3 $16 a5 13. c3 (13. c4) 13... Ne5 14. b4 (14.
Nf4 $16) 14... a4 (14... axb4 15. cxb4 Bd7 16. Bd4 Nc6 17. Bb2 Qf7 18. a3 Bf6
19. Qd2 Bxb2 20. Qxb2 Qf6 21. Qxf6 gxf6 22. Nf4 Kf7 $14 {Komodo11}) 15. Nf4 $18
Nc4 16. Nxd5 $1 Nxe3 17. Nxe3 Bf6 18. Qc2 g6 19. Nc4 Ra6 20. Rad1 Qe7 21. Nd6
a3 22. Rd3 Bd7 23. b5 Bxb5 {hoping to break the power of the pawns, but its at
a cost} 24. Nxb5 Qxc5 25. Nd4 $18 Rb6 26. Nxe6 Qb5 27. Nxf8 Kxf8 28. Bd5 (28.
Re1) 28... h5 29. Bb3 (29. Qd2) 29... h4 30. Rd5 Qe8 31. Qd2 Qe4 32. Re1 (32.
Rd8+) 32... Qg4 33. Qh6+ Bg7 34. Rd8# 1-0

[Event "Dyfed Open"]
[Site "?"]
[Date "2018.02.16"]
[Round "1"]
[White "Whale, Michael"]
[Black "Richmond, Jane"]
[Result "1/2-1/2"]
[WhiteElo "1743"]
[BlackElo "2097"]
[Annotator "Rudy"]
[PlyCount "74"]
[EventDate "2018.??.??"]

1. e4 e5 2. Nf3 Nc6 3. Bb5 Nge7 4. d4 (4. O-O) (4. c3) 4... exd4 5. Nxd4 Nxd4 (
5... g6) 6. Qxd4 a6 (6... Nc6) 7. Be2 (7. Ba4) (7. Bc4 {main lines}) 7... Nc6
8. Qe3 Bb4+ (8... Bd6 9. e5 Be7 10. Qg3 g6 11. Bf4 Nd4 12. Bd3 {Ivekovic-Vucko,
SLO ch 2013,1-0}) (8... g6 9. Bd2 Bg7 10. Bc3 O-O 11. h4 h5 12. Bxg7 Kxg7 13.
Nc3 d6 14. Nd5 Re8 15. O-O-O {Carraro-Lucero, Latin Cup, Buenos Aires 2015,1-0}
) 9. c3 (9. Bd2 Bxd2+ 10. Qxd2 d6 11. Nc3 Be6 12. f4 f6 13. O-O-O {
Groenegress-Nicolai, NRW ch,Brilon 1980,1-0}) 9... Ba5 (9... Be7) 10. Qg3 Qf6
11. Bf4 (11. Be3) 11... d6 12. Nd2 b5 13. O-O O-O 14. Bg5 Qg6 15. f4 (15. Be3
Qxg3 16. hxg3 Re8 17. b4 Bb6 18. Bxb6 cxb6 19. Rfd1 $14 {Komodo11}) 15... f6
16. Bh4 Bb6+ 17. Kh1 Bb7 18. Qxg6 hxg6 19. a4 (19. Bf2 Bxf2 20. Rxf2 Nd8 21. a4
$11 {Komodo11}) 19... Be3 $15 20. Nb3 g5 21. fxg5 fxg5 22. Bg3 Ne5 (22... Rxf1+
23. Bxf1 bxa4 24. Rxa4 Kf7 $11 (24... Rb8 $11)) 23. Bxe5 dxe5 24. axb5 axb5 25.
Rxa8 (25. Bxb5 Rxf1+ 26. Rxf1 Ra2 27. Bd3 $11 {Komodo11}) 25... Bxa8 26. Bxb5
Rxf1+ 27. Bxf1 Bxe4 28. Na5 $11 Kf7 29. Nc4 Bf4 30. Kg1 Ke6 31. g3 Bc1 32. Kf2
Bg6 33. Bh3+ Kd5 34. Ne3+ Kd6 35. Nc4+ Kd5 36. Ne3+ Kd6 37. Nc4+ Kd5 {(draw?)}
1/2-1/2

[Event "Dyfed Open"]
[Site "?"]
[Date "2018.02.16"]
[Round "1"]
[White "May, Frank"]
[Black "Greatorex, Roger"]
[Result "1-0"]
[WhiteElo "2096"]
[BlackElo "1722"]
[Annotator "Rudy"]
[PlyCount "51"]
[EventDate "2018.??.??"]

1. Nf3 d5 2. e3 c6 3. c4 e6 4. Nc3 Nf6 5. d4 {a Semi-Slav by circuitous route}
Ne4 (5... Nbd7) (5... Bd6) (5... Be7) 6. Nxe4 (6. Bd3) 6... dxe4 7. Nd2 Bb4 (
7... f5) 8. Qg4 O-O 9. Qxe4 $16 f5 (9... Nd7 10. a3 Nf6 11. Qc2 Ba5 12. b4 Bc7
13. Bb2 Ng4 14. Nf3 Qe7 15. h3 Nh6 16. Bd3 {Mihajlov-Reutimann, Gibraltar
Challengers, 2012,1-0}) (9... Re8 10. a3 Qa5 11. Rb1 Bd6 12. c5 f5 13. Qd3 Be7
14. b4 Qc7 15. Be2 Bd7 16. O-O e5 $18 {D Williams-R Karlsson, IECC email 1998,
0-1}) 10. Qd3 f4 (10... Qf6 11. Be2 Rd8 12. c5 Bxc5 13. Qb3 Bb6 14. O-O Bc7 15.
Nf3 Nd7 16. Bd3 h6 17. e4 Kh8 18. e5 {Murciano Cespedosa-Jimenez Mansano,
Madrid Codes mem 2013,1-0}) 11. a3 Ba5 12. b4 fxe3 13. fxe3 (13. Qxe3 $18)
13... Bc7 14. Nf3 Rxf3 $6 (14... e5 $14) 15. gxf3 $18 Qh4+ 16. Kd1 Qf6 17. Be2
a5 18. Bb2 Na6 19. f4 {keeps the Bl Bs shut out} axb4 20. axb4 Nxb4 21. Rxa8
Nxd3 22. Rxc8+ Bd8 23. Bxd3 Qe7 24. Kc2 Qd7 25. Ra8 g6 26. h4 1-0

[Event "Dyfed Open"]
[Site "?"]
[Date "2018.02.16"]
[Round "1"]
[White "Thomas, Roy"]
[Black "Waddington, Mike P"]
[Result "0-1"]
[WhiteElo "1706"]
[BlackElo "2086"]
[Annotator "Rudy"]
[PlyCount "90"]
[EventDate "2018.??.??"]

1. f4 f5 2. b3 (2. Nf3) 2... Nf6 3. Bb2 g6 (3... e6) 4. Nf3 Bg7 5. e3 O-O 6.
Be2 d6 7. O-O Nc6 (7... Qe8) 8. d3 (8. Qc1 e6 9. c4 Qe7 10. d4 {Angstl-Hicker,
AUT ch 1995,0-1}) (8. Qe1 e5 (8... h6 9. Na3 a6 10. Nh4 Kh7 11. Rf3 Be6 12. Rh3
Bf7 13. Nf3 Kg8 14. Rb1 Qd7 15. Bc4 e6 16. Bxf6 Bxf6 17. Rxh6 {Just-Wilk, Rail
4 Countries, Ludwigshafen 2003,1-0}) 9. fxe5 Ng4 10. Nc3 dxe5 11. Bc4+ Kh8 12.
e4 f4 13. h3 Nh6 14. a4 Nd4 15. Nxd4 Qxd4+ 16. Qf2 Qxf2+ 17. Rxf2 c6 18. a5 {
Spice-R Van Kemenade, WCPL 2009,1-0}) 8... a5 (8... e5 {Komodo11}) 9. a4 Qe8
10. e4 e5 $17 11. fxe5 Ng4 12. Bc1 Ncxe5 13. Ra2 (13. d4 Nxf3+ 14. gxf3 Nf6 $17
{komodo11}) 13... Nxf3+ 14. gxf3 Bd4+ $19 {Wh has lost all control over the
dark squares} 15. Kg2 Ne3+ 16. Bxe3 Bxe3 17. Qe1 Qe7 18. Nc3 c6 19. Nd1 Bf4 (
19... Bb6) 20. Kh1 Bd7 (20... Be6) 21. Rg1 d5 22. Bf1 Rfe8 (22... Rae8 {
Komodo11}) 23. Bg2 Qg5 24. c3 Qh5 25. Bf1 fxe4 26. dxe4 (26. fxe4 Bg4 {
threatens a fatal ch on f3}) 26... Qxf3+ 27. Rag2 Rxe4 28. Be2 Rae8 $1 {
simplifies to a won ending} 29. Bxf3 Rxe1 30. Rxe1 Rxe1+ 31. Rg1 Rxg1+ 32. Kxg1
Bf5 $19 33. b4 Bc2 34. bxa5 Bxa4 35. Be2 Bd2 36. Nb2 Bb3 37. a6 bxa6 38. Bxa6
Bxc3 39. Nd3 Kf8 40. Kf1 Ke7 41. Nf4 Be5 42. Ne2 Bxh2 43. Nd4 Ba4 44. Bc8 c5
45. Nf3 Bf4 0-1

[Event "Dyfed Open"]
[Site "?"]
[Date "2018.02.16"]
[Round "1"]
[White "Heap, Gerry"]
[Black "Francis, Matthew"]
[Result "1-0"]
[WhiteElo "2086"]
[BlackElo "1694"]
[Annotator "Rudy"]
[PlyCount "45"]
[EventDate "2018.??.??"]

1. c4 e6 2. g3 d5 3. Bg2 Nf6 4. Nf3 c5 5. O-O Be7 6. cxd5 exd5 (6... Nxd5 7.
Nc3 (7. d4 {also played})) 7. d4 O-O 8. Nc3 {transposed to a Tarrasch} Nc6 9.
dxc5 (9. Bg5 cxd4 10. Nxd4 h6 11. Be3 Be6 {AH Williams-Francis, Dyfed League
2012,1-0}) 9... d4 (9... Bxc5 10. Bg5 d4 11. Bxf6 Qxf6 12. Nd5 Qd8 13. Nd2 {
main line}) 10. Na4 Be6 (10... Bf5 {main}) 11. b3 (11. b4 {Cloud Engines})
11... Qd7 12. Bb2 $16 {Komodo11 & Houdini3} (12. e3 d3 13. Bb2 Rad8 14. Nd4 Bh3
15. Qxd3 {Hrivnak-Kerek, EU ch U14, Szombathely 1993,1-0}) (12. Bf4 Nh5 13. Ne5
Nxe5 14. Bxe5 Bf6 15. Bxf6 Nxf6 16. Qd2 {Bombardiere-Morales Garcia, Endesa op,
Santiago de Chile 2009,1-0}) 12... Ne4 $2 (12... Rad8) 13. Nxd4 $18 Nxc5 14.
Nxc6 bxc6 15. Nxc5 Bxc5 16. Qc2 (16. Qxd7 Bxd7 17. Rac1 Bb6 18. Rfd1 Bg4 19.
Bxc6 $18 {Komodo11}) 16... Qe7 17. Rac1 Ba3 18. Qc3 (18. Bxa3 Qxa3 19. Bxc6 $18
) 18... f6 (18... Bxb2 19. Qxb2 Rac8 20. Rxc6 $16) 19. Bxa3 Qxa3 20. Qxc6 (20.
Bxc6) 20... Rae8 21. Rc2 Bf5 22. Rd2 Rc8 $2 23. Qd5+ 1-0